Statistics for What year did these TV shows start?

Click here to take the quiz!

General Stats

  • This quiz has been taken 32 times
  • The average score is 8 of 15

Answer Stats

QuestionAnswer% Correct
The Flintstones1960
77%
The Fresh Prince of Bel-Air1990
74%
Saturday Night Live1975
71%
South Park1997
71%
The Simpsons1989
68%
Spongebob Squarepants1999
61%
Futurama1999
52%
The Fairly Oddparents2001
52%
The Big Bang Theory2007
52%
Rugrats1991
45%
The Office2005
45%
Arthur1996
42%
Phineas and Ferb2007
35%
Bojack Horseman2014
32%
The Amazing World of Gumball2011
26%

Score Distribution

Percentile by Number Answered

Percent of People with Each Score

Your Score History

You have not taken this quiz